| 000 | 00533nam a2200181Ia 4500 | ||
|---|---|---|---|
| 003 | OSt | ||
| 005 | 20240415164514.0 | ||
| 008 | 210210b1958 xxu||||| |||| 00| 0 eng d | ||
| 040 | _cAL | ||
| 041 | _aKannada | ||
| 082 | _a856/186 | ||
| 100 |
_aHALAPPA (G S) ಹಾಲಪ್ಪ ಜಿ ಎಸ್ _9160416 |
||
| 245 |
_aSarvajanika adalita _bಸಾರ್ವಜನಿಕ ಆಡಳಿತ |
||
| 260 |
_aDharavada _bKarnataka Vishvavidyanilalya _c1958 |
||
| 690 |
_aKannada Miscellaneous _9160417 |
||
| 906 | _a020425 | ||
| 942 |
_2ddc _cBK |
||
| 999 |
_c144574 _d144574 |
||